00642nam a2200205Ia 450000500170000000800410001702000180005804100080007608200150008410000200009924500370011926000340015630000080019050000280019865000360022670000200026294200070028299900170028995201300030620251120192926.0230125s9999 xx 000 0 und d a81-7418-171-7 aeng a158.1bPAW aPawar P9215189 aZatpat Vyaktimatav Kase Sudharal c2002bIndrayani SahityaaPune a92p aPersonality Development aPersonality Development9213420 aPawar P9215189 cDB c92909d92909 00104070aHIMRbHIMRd2006-11-13eSatya Gilanio158.1 PAW DB1123pHIMR-DB-1123r2023-01-25 00:00:00w2006-11-13yDBzDB1123